00364 a2200121 450000500170000002000180001708200120003510000180004724501060006525000120017126000390018330000200022220250627142516.0 a0-07-255521-1 a330 SCH aSCHILLER,B.R. aStudent Problem Set for use with: The Economy Today, The Macro Economy Today, The Micro Economy Today a9th Ed. aBoston,bMcGraw-Hill/Irwin,c2003. aviii,72p.c28cm